| 000 | 00847cab a2200229 4500 | ||
|---|---|---|---|
| 001 | ABS40732 | ||
| 008 | 090401t1989 xxu||||| |||| 00| 0 eng d | ||
| 035 | _a(Sirsi) u25782 | ||
| 041 | _aeng | ||
| 100 | _aDawson, B. | ||
| 245 | _aValue management techniques and applications | ||
| 260 | _c1989 | ||
| 350 | _a0 | ||
| 490 |
_aCost Engineer _v27(3) May 1989, 14-17(4) |
||
| 520 | _aExplains the purpose of value management and summarises the results of a study undertaken for the construction of a convention centre and concert hall planned for Birmingham `s city centre. Illustrates its use as a cost-effective management tool for the building industry. | ||
| 650 | _aBUILT ENVIRONMENT-CONSTRUCTION DESIGN | ||
| 650 | _aVALUE ENGINEERING | ||
| 690 | _aBUILT ENVIRONMENT | ||
| 700 | _aMaguire, P. | ||
| 942 | _n0 | ||
| 948 | _c04/03/1997 | ||
| 999 |
_c17327 _d17327 |
||